List of NSW LGAs - Statistics

General Stats
  • This quiz has been taken 32 times
  • The average score is 63 of 128
Answer Stats
Answer % Correct
Sydney
96%
Albury
91%
Penrith
91%
Bathurst
87%
Broken Hill
87%
Liverpool
87%
Wagga Wagga
87%
Central Coast
83%
Coffs Harbour
83%
Dubbo
83%
Hornsby
83%
Newcastle
83%
Parramatta
83%
Wollongong
83%
Blue Mountains
78%
Orange
78%
The Hills
78%
Campbelltown
74%
Sutherland
74%
Waverley
74%
Yass Valley
74%
Bayside
70%
Blacktown
70%
Bourke
70%
Canterbury-Bankstown
70%
Goulburn Mulwaree
70%
Kiama
70%
Mosman
70%
Northern Beaches
70%
Ryde
70%
Shellharbour
70%
Shoalhaven
70%
Tamworth
70%
Byron
65%
Inner West
65%
Port Macquarie-Hastings
65%
Tweed
65%
Armidale
61%
Burwood
61%
Camden
61%
Fairfield
61%
Lithgow
61%
North Sydney
61%
Singleton
61%
Strathfield
61%
Willoughby
61%
Woollahra
61%
Griffith
57%
Hunters Hill
57%
Lane Cove
57%
Randwick
57%
Wentworth
57%
Canada Bay
52%
Cessnock
52%
Cowra
52%
Georges River
52%
Lake Macquarie
52%
Parkes
52%
Wingecarribee
52%
Ballina
48%
Blayney
48%
Hawkesbury
48%
Inverell
48%
Kempsey
48%
Maitland
48%
Muswellbrook
48%
Narrabri
48%
Queanbeyan-Palerang
48%
Wollondilly
48%
Bogan
43%
Cobar
43%
Cumberland
43%
Hay
43%
Ku-ring-gai
43%
Lismore
43%
Moree Plains
43%
Nambucca Valley
43%
Walgett
43%
Balranald
39%
Dungog
39%
Leeton
39%
Tenterfield
39%
Upper Hunter
39%
Bega Valley
35%
Bellingen
35%
Cootamundra-Gundagai
35%
Glen Innes Severn
35%
Junee
35%
Kyogle
35%
Richmond Valley
35%
Upper Lachlan
35%
Uralla
35%
Clarence Valley
30%
Eurobodalla
30%
Forbes
30%
Gilgandra
30%
Mid-Coast
30%
Mid-Western
30%
Narromine
30%
Walcha
30%
Warren
30%
Brewarrina
26%
Edward River
26%
Gunnedah
26%
Lachlan
26%
Oberon
26%
Snowy Monaro
26%
Snowy Valleys
26%
Bland
22%
Cabonne
22%
Central Darling
22%
Coolamon
22%
Coonamble
22%
Murrumbidgee
22%
Narrandera
22%
Port Stephens
22%
Warrumbungle
22%
Berrigan
17%
Carrathool
17%
Federation
17%
Greater Hume
17%
Hilltops
17%
Lockhart
17%
Murray River
17%
Temora
17%
Gwydir
13%
Weddin
13%
Liverpool Plains
9%
No matching quizzes found
Score Distribution
Percent of People with Each Score
Percentile by Number Answered
Your Score History
You have not taken this quiz